banner-ar

الجاحظ فى حياته وادبه وفكره / (Record no. 40900)

MARC details
000 -الفاتح
حقل البيانات ثابتة الطول 00621nam a2200193Ia 4500
008 - عناصر البيانات ثابتة الطول - معلومات عامة
حقل البيانات ثابتة الطول 140319s9999 xx 000 0 ara d
040 ## - مصدر الفهرسة
وكالة الفهرسة الأصلية GCL /
وكالة النسخ GCL
082 04 - رقم تصنيف ديوى العشرى
رقم التصنيف 928.1
رقم المادة ج ج
100 1# - المدخل الرئيسى - إسم شخصى
الإسم الشخصى جميل جبر
245 10 - بيان العنوان
العنوان الجاحظ فى حياته وادبه وفكره /
بيان المسئوليه,etc جميل جبر
300 ## - الوصف المادى
التعداد 310 ص ؛
أبعاد الوعاء 25 سم
490 ## - بيان السلسلة
عنوان السلسلة
650 04 - المدخل الاضافى بالموضوع-مصطلح موضوعى
مصطلح موضوعي الادباء
650 04 - المدخل الاضافى بالموضوع-مصطلح موضوعى
مصطلح موضوعي الجاحظ ،ابى عثمان عمرو بن بحر بن محبوب
650 04 - المدخل الاضافى بالموضوع-مصطلح موضوعى
مصطلح موضوعي الادباء - تراجم
942 ## - عناصر المدخل الإضافي( كوها)
مصدر التصنيف او مخطط الترفيف Dewey Decimal Classification
Koha [default] item type كتاب
260 ## - PUBLICATION, DISTRIBUTION, ETC. (IMPRINT)
-- بيروت :
-- الشركة العالمية للكتاب ش م ل
Holdings
حالة التراجع حالة الفقد حالة تلف ليس للاعارة المكان المؤقت الموقع الحالى تاريخ الاكتساب اجمالي اﻻعارات رقم الطلب الباركود تاريخ اخر مشاهدة تاريخ تفعيل السعر نوع وعاء كوها
        مكتبة القاهرة الكبرى مكتبة القاهرة الكبرى 03/26/2014   928.1\ج ج 98706 03/26/2014 03/26/2014 كتاب
        مكتبة القاهرة الكبرى مكتبة القاهرة الكبرى 03/26/2014   928.1\ج ج 98707 03/26/2014 03/26/2014 كتاب
        مكتبة القاهرة الكبرى مكتبة القاهرة الكبرى 03/26/2014   928.1\ج ج 98708 03/26/2014 03/26/2014 كتاب
        مكتبة القاهرة الكبرى مكتبة القاهرة الكبرى 03/26/2014   928.1\ج ج 98709 03/26/2014 03/26/2014 كتاب

Powered By

EGPV